Psychiatry in general practice, (Record no. 38457)

MARC details
000 -LEADER
fixed length control field 00637cam a22001931 4500
001 - CONTROL NUMBER
control field med47001904
003 - CONTROL NUMBER IDENTIFIER
control field DLC
005 - DATE AND TIME OF LATEST TRANSACTION
control field 20260227111604.0
008 - FIXED-LENGTH DATA ELEMENTS--GENERAL INFORMATION
fixed length control field 940822s1946 sa 000 0 eng
010 ## - LIBRARY OF CONGRESS CONTROL NUMBER
LC control number med47001904
035 ## - SYSTEM CONTROL NUMBER
System control number (OCoLC)30985342
040 ## - CATALOGING SOURCE
Original cataloging agency DLC
Transcribing agency NNC-M
Modifying agency DLC
050 00 - LIBRARY OF CONGRESS CALL NUMBER
Classification number RC358
Item number .F6
100 1# - MAIN ENTRY--PERSONAL NAME
Personal name Forman, Frank,
Dates associated with a name 1898-1981.
245 10 - TITLE STATEMENT
Title Psychiatry in general practice,
Statement of responsibility, etc. by Prof. F. Forman... The presidential address delivered to the Cape Town post-graduate medical association on 3 October, 1945.
260 ## - PUBLICATION, DISTRIBUTION, ETC.
Place of publication, distribution, etc. Cape Town,
Name of publisher, distributor, etc. The Post-graduate press,
Date of publication, distribution, etc. 1946.
300 ## - PHYSICAL DESCRIPTION
Extent 14 p.
Dimensions 24 cm.
500 ## - GENERAL NOTE
General note Cover-title.

No items available.

Powered by Koha